| Tag |
First Indicator |
Second Indicator |
Subfields |
| LEADER |
00000cam a2200000 4500 |
| 001 |
in00000041459 |
| 005 |
20151007072619.0 |
| 008 |
731221s1952 njua b 00000 eng u |
| 010 |
|
|
|a 52005847
|
| 035 |
|
|
|a (OCoLC)00766532
|
| 035 |
|
|
|9 AAE8224AM
|
| 040 |
|
|
|c WOO
|d TXA
|d UtOrBLW
|
| 049 |
|
|
|a TXAM
|c [209797]
|
| 050 |
0 |
0 |
|a QH491
|b .B6
|
| 092 |
|
|
|a 575.604
|b B716m
|
| 100 |
1 |
|
|a Bonner, John Tyler.
|
| 245 |
1 |
0 |
|a Morphogenesis ;
|b an essay on development.
|
| 264 |
|
1 |
|a Princeton :
|b Princeton University Press,
|c 1952.
|
| 300 |
|
|
|a vi, 296 pages :
|b illustrations ;
|c 23 cm.
|
| 336 |
|
|
|a text
|b txt
|2 rdacontent
|
| 337 |
|
|
|a unmediated
|b n
|2 rdamedia
|
| 338 |
|
|
|a volume
|b nc
|2 rdacarrier
|
| 504 |
|
|
|a Bibliography: pages 277-289.
|
| 650 |
|
0 |
|a Morphogenesis.
|
| 999 |
|
|
|a MARS
|
| 999 |
f |
f |
|s 207775ed-8561-3be7-912e-cbd47db0cf2b
|i b0beeb97-829a-39d8-b090-fa8ffaf4dcca
|t 0
|
| 952 |
f |
f |
|p ric
|a Texas A&M University
|b Rellis Campus
|c Joint Library Facility
|d Remote Storage
|t 0
|e QH491 .B6
|h Library of Congress classification
|i unmediated -- volume
|m A14800980223
|
| 998 |
f |
f |
|a QH491 .B6
|t 0
|l Remote Storage
|